Granth Parijat : A Classified Catalogue of Hindi Manusripts in Shree Sanjay Sharma Museum & Research Institute, Vol-1 (Record no. 3717)
[ view plain ]
| 000 -LEADER | |
|---|---|
| fixed length control field | 00541nam a22001697a 4500 |
| 003 - CONTROL NUMBER IDENTIFIER | |
| control field | OSt |
| 005 - DATE AND TIME OF LATEST TRANSACTION | |
| control field | 20250219121906.0 |
| 008 - FIXED-LENGTH DATA ELEMENTS--GENERAL INFORMATION | |
| fixed length control field | 250219b |||||||| |||| 00| 0 eng d |
| 082 ## - DEWEY DECIMAL CLASSIFICATION NUMBER | |
| Classification number | 294.592 |
| Item number | SHAG |
| 100 ## - MAIN ENTRY--PERSONAL NAME | |
| Personal name | Sharma, Ram Kripalu |
| 245 ## - TITLE STATEMENT | |
| Title | Granth Parijat : A Classified Catalogue of Hindi Manusripts in Shree Sanjay Sharma Museum & Research Institute, Vol-1 |
| 260 ## - PUBLICATION, DISTRIBUTION, ETC. | |
| Place of publication, distribution, etc. | Jaipur |
| Name of publisher, distributor, etc. | Shree Sanjay Sharma Museum & Research Institute, Jaipur |
| 300 ## - PHYSICAL DESCRIPTION | |
| Extent | 428p. |
| 546 ## - LANGUAGE NOTE | |
| Language note | Hindi |
| 651 ## - SUBJECT ADDED ENTRY--GEOGRAPHIC NAME | |
| Geographic name | Hinduism- sacred book |
| 942 ## - ADDED ENTRY ELEMENTS (KOHA) | |
| Source of classification or shelving scheme | Dewey Decimal Classification |
| Koha item type | Book |
| Withdrawn status | Lost status | Source of classification or shelving scheme | Damaged status | Not for loan | Collection code | Home library | Current library | Shelving location | Date acquired | Source of acquisition | Total Checkouts | Full call number | Barcode | Date last seen | Price effective from | Koha item type |
|---|---|---|---|---|---|---|---|---|---|---|---|---|---|---|---|---|
| Dewey Decimal Classification | Non-fiction | RIC Library | RIC Library | General Stacks | 02/19/2025 | Gifted by President, RIC | 294.592 SHAG | 002989 | 02/19/2025 | 02/19/2025 | Book |
